000 00566nam a2200181Ia 4500
005 20250923144450.0
008 008 250917s9999 xx 000 0 eng d
037 _aTextual
040 _aDSWL
_beng
_cDSWL
041 _aeng
_2eng
084 _aYX,ZD-Z1;6-L8, N49
_qDSWL
100 _aKonopka, Gisela
_9825178
245 0 _aTherapeutic group work with children
_cby Gisela Konopka
260 _aUSA
_bMinnesta University Press USA
_c1949
300 _aviii,134 p.
942 _cTEXL
_hYX,ZD-Z1;6-L8, N49
999 _c1439217
_d1439217